Statistics for Winx Club

Click here to take the quiz!

General Stats

  • This quiz has been taken 313 times
  • The average score is 57 of 179

Answer Stats

ClueAnswer% Correct
Fairy of Dragon FireBloom
99%
Fairy of natureFlora
98%
Fairy of musicMusa
98%
Fairy of the sun and moonStella
98%
Bloom's boyfriendSky
97%
Fairy of technologyTecna
97%
Leader of the TrixIcy
94%
Fairy of the wavesAisha
93%
Musa's boyfriendRiven
92%
Stella's boyfriendBrandon
91%
Bloom's sisterDaphne
91%
Part of the TrixDarcy
88%
Flora's boyfriendHelia
88%
Fairy of earthRoxy
88%
Part of the TrixStormy
87%
Aisha's boyfriendNabu
85%
Tecna's boyfriendTimmy
80%
Villain in season 3Valtor
73%
Headmistress of AlfiaFaragonda
70%
Bloom's pet rabbitKiko
65%
Stella's pixieAmore
63%
Flora's pixieChatta
63%
Fairy of GemstonesDiaspro
63%
Sky's cousinThoren
61%
Villain in season 2Darkar
60%
Bloom's pixieLockette
60%
Flora's sisterMiele
60%
Tecna's pixieDigit
59%
Headmistress of Cloud TowersGriffin
59%
Queen of Solaria | Student at AlfeaLuna
58%
Bloom's fatherOritel
58%
Bloom's motherMarion
57%
Bloom's arch-enemyMitzi
55%
Musa's pixieTune
55%
Assistant headmistress of AlfeaGriselda
53%
Stella's fatherRadius
53%
Mirta's best friendLucy
52%
Roxy's motherMorgana
52%
Stepsister of Stella (kind of)Chimera
51%
Bloom's motherVanessa
51%
Bloom's fatherMike
50%
Friend of BloomSelina
50%
Fairy of illusionsMirta
48%
Thoren's friendNex
44%
Roxie's DogArtu
43%
Prince of the seaTritannus
42%
Bloom's Ex-boyfriendAndy
41%
Villain in season 7Kalshara
41%
Princess of LinpheaKrystal
41%
Leader of the 'Wizards of the Black Circle'Ogron
41%
Teacher at AlfeaPalladium
39%
Teaches "Red Fountain"Saladin
39%
Mother of ChimeraCassandra
38%
Prince of the seaNereus
38%
Part of the "Wizards of the Black Circle"Anagan
37%
Major Fairy of natureDiana
37%
Icy's duck | Musa's animalPepe
37%
Villain in season 6Acheron
36%
Teacher at AlfeaWizgiz
36%
Part of the "Wizards of the Black Circle"Duman
35%
Princess of MelodyGalatea
35%
Teacher at AlfeaAvalon
34%
An earth fairyNebula
34%
King of the seaNeptune
34%
Princess of the mermaidsTressa
34%
Princess of DownlandAmentia
33%
Sky's fatherErendor
32%
Part of the "Wizards of the Black Circle"Gantlos
32%
Roxy's fatherKlaus
32%
Aisha's motherNiobe
32%
Fairy of frostAurora
31%
Villain in season 7Brafilius
31%
Aisha's fatherRoy
31%
Aisha's fatherTeredor
31%
Queen of mermaidsLigea
30%
Musa's fatherHo-boe
29%
Janitor at AlfeaKnut
29%
Fairy godmotherEldora
28%
Flora's animalAmarok
27%
Flora's fairy petCoco
27%
Musa's motherMatlin
27%
Gatekeeper of DominoSerena
27%
Stella's animalShiny
27%
Headteacher at Red FountainCodatorta
26%
Musa's animalCritty
26%
Bloom's unicornElas
25%
Bloom's fairy petBelle
24%
Recording artistJason
24%
Guardian of AndrosLemmy
24%
Tecna's motherMagnethia
24%
Villain of the "The Secret of the Lost Kingdom"Mandragora
24%
Gatekeeper of MelodySonna
24%
Stella's animalGinger
23%
Sky's dogLady
23%
Gatekeeper of ZenithLithia
23%
Aisha's pet rabbitMilly
23%
Rollos's wifeAlyssa
22%
Guardian pixie of Red FountainAthena
22%
Tecna's fairy petChicko
22%
Tecna's animalFlitter
22%
Has a crush on MusaJared
22%
NymphPolitea
22%
Sky's motherSamara
22%
Fairy of the Golden KingdomArcadia
21%
Guardian of CodexConcorda
21%
Tecna's fatherElectronio
21%
Student at AlfeaAmaryl
20%
Flora's fatherRollos
20%
Aisha's animalSquonk
20%
Student at AlfeaNova
18%
An ancestral witchBelladonna
17%
Bloom's dragonBuddy
17%
Pixie of fortune-tellingJolly
17%
Pixie of messagesLivy
17%
Gatekeeper of MagixNissa
17%
Guardian of SirenixOmnia
17%
Major Fairy of justiceSibylla
17%
An ancestral witchTharma
17%
Pixie of bugsZing
17%
Guardion of a CodexDiscorda
16%
Master builder of indestructable swordsHagen
16%
Mitzi's sisterMacy
16%
Pixie Guardian of CodexNinfea
16%
Student at AlfeaAlice
15%
Guardian of EarthPhylla
15%
King of ZenithCryos
14%
Aisha's roommateFrancis
14%
Gatekeeper of LinpheaDesiryee
13%
Teacher at Cloud TowersEdiltrude
13%
Aisha's friendAnne
12%
Icy's animalFrostbite
12%
SpecialistBishop
11%
Headmistress of the Golden AuditoriumDiletta
10%
Darcy's animalKemmy
10%
Knows how to summon a QuillcatOrlando
10%
Stormy's animalOccula
9%
Leader of the elvesRex
9%
Husband of AmentiaSponsus
9%
Kidnapped DiasproYoshinoya
9%
Teacher at Cloud TowersZarathustra
9%
Roxy's love interestManuel
8%
Student at AlfeaFrancine
7%
SorceressMaia
7%
Former headmistress at AlfeaMavilla
7%
School nurse at AlfeaOfelia
7%
Fictional character in Legendarium worldSnow Queen
7%
Fictional character in Lengendarium worldAriadne
6%
Student at AlfeaClarice
6%
Mitzi's friendDarma
6%
Guardian of the ultimate powerSwan of infinity
6%
Student of AlfeaCarol
5%
An ancestral witchLysslis
5%
Pixie of Hand SpeedPam
5%
Mitzi's friendSally
5%
Cherrie's ex-boyfriendArsenio
4%
Has feelings for IcyDarko
4%
Student at AlfeaEleanor
4%
Student at AlfeaKaty
4%
Lord Darkar's petKerborg
4%
Student at AlfeaSelene
4%
Student at Cloud TowersShilly
4%
Magic sea creatureTriton
4%
Student at AlfeaAhisa
3%
Boyfriend of Queen LunaAllan
3%
An elfDamien
3%
Student at AlfeaEvie
3%
Mirta's friendKimmy
3%
Student at Cloud TowerLazuli
3%
Has a crush on MusaMitril
3%
Student at AlfeaOrtensia
3%
Student at AlfeaPriscilla
3%
Student at AlfeaKhadija
2%
Student at AlfeaKylie
2%
Guardian of Solarialllirisa
2%
Student at AlfeaLolina
2%
Student at AlfeaLori
2%
Student at AlfeaSilicya
2%

Score Distribution

Percentile by Number Answered

Percent of People with Each Score

Your Score History

You have not taken this quiz